000 00290nam a2200133Ia 4500
003 OSt
005 20240101045612.0
008 170523s9999 xx 000 0 und d
020 _a9789385915475
040 _cIIMTU
100 _aChaurasia- B.D
245 0 _aHuman Anatomy
942 _2ddc
_c02
999 _c10822
_d10822